[Event "Saarland-ch MB"]
[Site "Eppelborn"]
[Date "2008.03.16"]
[Round "3"]
[White "Maurer, Rainer"]
[Black "Grewenig, Marc"]
[Result "1/2-1/2"]
[WhiteElo "2053"]
[BlackElo "1978"]
[PlyCount "59"]
[EventDate "2008.03.14"]
[EventType "swiss"]
[EventRounds "9"]
[EventCountry "GER"]
[SourceTitle "EXT 2010"]
[Source "ChessBase"]
[SourceDate "2010.11.25"]
[SourceVersion "1"]
[SourceVersionDate "2010.11.25"]
[SourceQuality "1"]

1. d4 Nf6 2. g3 g6 3. c4 Bg7 4. Nc3 0-0 5. e4 d6 6. Bg2 Nc6 7. Nge2 e5 8. 0-0 Bg4 9. f3 Bd7 10. Be3 Nh5 11. Qd2 Re8 12. Rad1 f5 13. exf5 gxf5 14. Bg5 Bf6 15. Bxf6 Nxf6 16. dxe5 Nxe5 17. b3 Ng6 18. Rde1 Re7 19. Nd5 Rf7 20. Nef4 Nxd5 21. Nxd5 c6 22. Nf4 Qc7 23. Nxg6 hxg6 24. Qg5 Kg7 25. Re7 Raf8 26. Rfe1 Qb6+ 27. Kf1 Qd4 28. Rxf7+ Rxf7 29. Qe3 Qxe3 30. Rxe3 1/2-1/2

[Event "Saarland-ch MB"]
[Site "Eppelborn"]
[Date "2008.03.14"]
[Round "1"]
[White "Mueller, Pascal"]
[Black "Grewenig, Marc"]
[Result "1/2-1/2"]
[WhiteElo "1991"]
[BlackElo "1978"]
[PlyCount "105"]
[EventDate "2008.03.14"]
[EventType "swiss"]
[EventRounds "9"]
[EventCountry "GER"]
[SourceTitle "EXT 2010"]
[Source "ChessBase"]
[SourceDate "2010.11.25"]
[SourceVersion "1"]
[SourceVersionDate "2010.11.25"]
[SourceQuality "1"]

1. e4 Nc6 2. d4 e5 3. Nf3 exd4 4. Bc4 Bb4+ 5. c3 Ba5 6. Nxd4 Ne5 7. Be2 Nf6 8. 0-0 0-0 9. f4 Nc6 10. e5 Nxd4 11. cxd4 Nd5 12. Bf3 Ne7 13. Nd2 d6 14. Nc4 Bb6 15. Nxb6 axb6 16. b3 Nf5 17. Re1 dxe5 18. dxe5 Qd4+ 19. Qxd4 Nxd4 20. Bd1 Bf5 21. Bb2 Ne6 22. g4 Bd3 23. f5 Nc5 24. Re3 Bb5 25. a4 Bc6 26. Bc2 Rfd8 27. Bc3 b5 28. a5 Bd5 29. b4 Na6 30. Bd3 c6 31. Rf1 Re8 32. h4 Rad8 33. g5 g6 34. fxg6 hxg6 35. h5 gxh5 36. g6 fxg6 37. Rg3 Bf7 38. Rf6 Re6 39. Rxe6 Bxe6 40. Bxg6 Kh8 41. Bxh5 Kh7 42. Bg6+ Kh8 43. Kf2 Nc7 44. Ke2 Nd5 45. Bd2 Rf8 46. Be4 Rg8 47. Rxg8+ Kxg8 48. Kd3 Nc7 49. Kd4 Na6 50. Bf3 Kg7 51. Kc3 Kg6 52. Be4+ Kf7 53. Bg5 1/2-1/2

[Event "Saarland-ch B"]
[Site "Saarlouis Steinrausch"]
[Date "2005.03.22"]
[Round "5"]
[White "Pocivalnik, Axel"]
[Black "Grewenig, Marc"]
[Result "1-0"]
[WhiteElo "1642"]
[BlackElo "1420"]
[PlyCount "69"]
[EventDate "2005.03.18"]
[EventType "swiss"]
[EventRounds "9"]
[EventCountry "GER"]
[SourceTitle "EXT 2012"]
[Source "ChessBase"]
[SourceDate "2011.11.24"]
[SourceVersion "1"]
[SourceVersionDate "2011.11.24"]
[SourceQuality "1"]

1. d4 Nf6 2. Nf3 g6 3. Bg5 Bg7 4. Nbd2 c5 5. c3 cxd4 6. cxd4 d5 7. Bxf6 Bxf6 8. e3 0-0 9. Bd3 Nc6 10. a3 Re8 11. 0-0 e5 12. dxe5 Nxe5 13. Nxe5 Bxe5 14. Rb1 Be6 15. b4 Rc8 16. Bb5 Re7 17. Nb3 a6 18. Bd3 Rc3 19. a4 Rec7 20. Nc5 Bc8 21. a5 Qh4 22. g3 Qh3 23. Be2 R7xc5 24. bxc5 Rxc5 25. Qa4 Bd7 26. Qb4 Rc2 27. Bf3 Rc4 28. Qe7 Be6 29. Bg2 Qf5 30. Qd8+ Kg7 31. Bxd5 Bc7 32. Bxe6 Qxe6 33. Qd3 Bxa5 34. Rxb7 Bb4 35. Rxb4 1-0

[Event "Bad Zwischenahn op 1st"]
[Site "Bad Zwischenahn"]
[Date "2004.??.??"]
[Round "1"]
[White "Brummer, Bernfried"]
[Black "Grewenig, Marc"]
[Result "0-1"]
[WhiteElo "1712"]
[BlackElo "1330"]
[PlyCount "28"]
[EventDate "2004.07.30"]
[EventType "swiss"]
[EventRounds "9"]
[EventCountry "GER"]
[SourceTitle "EXT 2006"]
[Source "ChessBase"]
[SourceDate "2005.11.24"]
[SourceVersion "1"]
[SourceVersionDate "2005.11.24"]
[SourceQuality "1"]

1. f4 Nc6 2. Nf3 Nf6 3. e3 d5 4. Bb5 Bd7 5. 0-0 g6 6. d3 Bg7 7. Qe1 0-0 8. e4 dxe4 9. dxe4 e6 10. Nc3 Nb4 11. Qe2 Bxb5 12. Nxb5 c6 13. Rd1 Qb6+ 14. Be3 Qxb5 0-1

[Event "Bad Zwischenahn op 1st"]
[Site "Bad Zwischenahn"]
[Date "2004.??.??"]
[Round "2"]
[White "Grewenig, Marc"]
[Black "Eichler, Gottfried Johannes"]
[Result "0-1"]
[WhiteElo "1330"]
[BlackElo "1849"]
[PlyCount "70"]
[EventDate "2004.07.30"]
[EventType "swiss"]
[EventRounds "9"]
[EventCountry "GER"]
[SourceTitle "EXT 2006"]
[Source "ChessBase"]
[SourceDate "2005.11.24"]
[SourceVersion "1"]
[SourceVersionDate "2005.11.24"]
[SourceQuality "1"]

1. e4 c5 2. Nf3 a6 3. Nc3 b5 4. d4 cxd4 5. Nxd4 Bb7 6. Bd3 g6 7. f4 Bg7 8. Be3 Qb6 9. Nce2 Qc7 10. c3 Nf6 11. Ng3 d6 12. 0-0 0-0 13. a4 e5 14. fxe5 dxe5 15. Nf3 Ng4 16. Qd2 Nxe3 17. Qxe3 Nd7 18. axb5 axb5 19. Bxb5 Nf6 20. Bd3 Ng4 21. Qe2 Qb6+ 22. Kh1 Rxa1 23. Rxa1 Nf2+ 24. Kg1 Nxd3+ 25. Kf1 Qxb2 26. Qxb2 Nxb2 27. Rb1 Ba6+ 28. Ke1 Nd3+ 29. Kd2 Nf4 30. Ne1 Bh6 31. Kc2 Rd8 32. Rb6 Bc4 33. Rc6 Bb5 34. Rc5 Ba4+ 35. Kb2 Rd2+ 0-1

[Event "Bad Zwischenahn op 1st"]
[Site "Bad Zwischenahn"]
[Date "2004.??.??"]
[Round "6"]
[White "Wempe, Moritz"]
[Black "Grewenig, Marc"]
[Result "1/2-1/2"]
[WhiteElo "1491"]
[BlackElo "1330"]
[PlyCount "76"]
[EventDate "2004.07.30"]
[EventType "swiss"]
[EventRounds "9"]
[EventCountry "GER"]
[SourceTitle "EXT 2006"]
[Source "ChessBase"]
[SourceDate "2005.11.24"]
[SourceVersion "1"]
[SourceVersionDate "2005.11.24"]
[SourceQuality "1"]

1. e4 Nc6 2. Nf3 e5 3. Bb5 a6 4. Bc4 Nf6 5. 0-0 b5 6. Bb3 Be7 7. Re1 0-0 8. c3 Bb7 9. d4 d6 10. Nbd2 exd4 11. cxd4 Na5 12. Bc2 Re8 13. b3 c5 14. Bb2 Rc8 15. Rc1 Qb6 16. d5 Ba8 17. Bb1 c4 18. Bd4 Qb8 19. b4 Nb7 20. Qc2 g6 21. Qc3 Nh5 22. g4 Nf4 23. Bh8 f6 24. Bxf6 Bxf6 25. Qxf6 Rf8 26. Qh4 Rc7 27. Nd4 Nd8 28. Nf1 Nf7 29. Qf6 Nh3+ 30. Kg2 Nfg5 31. Qxd6 Rxf2+ 32. Kh1 Qc8 33. Rc3 Rcf7 34. Ng3 Qxg4 35. Rcc1 Nf3 36. Re2 Nxd4 37. Rxf2 Nxf2+ 38. Kg1 Ne2+ 1/2-1/2